000 00582nam a2200193 a 4500
001 000012136
005 20240530073913.0
008 091105s1996 dr r 000 f spa d
040 _aDO-SdBNP
_bspa
_cBNPHU
082 _aRD863.44
_bD663r
100 1 _aDʻOleo, Freddy
_928673
245 1 0 _aRebelión en la casa de Dios /
_cFreddy D'Oleo.
260 _aSanto Domingo :
_bCorripio,
_c1996.
300 _a170 p. ;
_c23 cm.
590 _aInventariado, 2020/BT
650 0 _aNovela dominicana
_9223
650 0 _aLiteratura dominicana.
_967
910 _aValidado. Control de calidad MFF
999 _c11801
_d11801